Magazine Journalism (Record no. 221772)
[ view plain ]
| 000 -LEADER | |
|---|---|
| fixed length control field | 00974nam a22002177a 4500 |
| 005 - DATE AND TIME OF LATEST TRANSACTION | |
| control field | 20220413104236.0 |
| 008 - FIXED-LENGTH DATA ELEMENTS--GENERAL INFORMATION | |
| fixed length control field | 220309b ||||| |||| 00| 0 eng d |
| 020 ## - INTERNATIONAL STANDARD BOOK NUMBER | |
| International Standard Book Number | 9781847870308 |
| 040 ## - CATALOGING SOURCE | |
| Transcribing agency | AL |
| 041 ## - LANGUAGE CODE | |
| Language code of text/sound track or separate title | eng |
| 082 ## - DEWEY DECIMAL CLASSIFICATION NUMBER | |
| Edition number | 23 |
| Classification number | 070.175 |
| Item number | HOLM |
| 100 ## - MAIN ENTRY--PERSONAL NAME | |
| Personal name | Tim Holmes |
| 9 (RLIN) | 23147 |
| 245 ## - TITLE STATEMENT | |
| Title | Magazine Journalism |
| 260 ## - PUBLICATION, DISTRIBUTION, ETC. | |
| Place of publication, distribution, etc. | London |
| Name of publisher, distributor, etc. | Sage |
| Date of publication, distribution, etc. | 2012 |
| 300 ## - PHYSICAL DESCRIPTION | |
| Extent | 193p. |
| Other physical details | PB |
| Dimensions | 23.5x15cm |
| 365 ## - TRADE PRICE | |
| Source of price type code | General |
| Price type code | VBI-1347 |
| Price amount | ₹2518.73 |
| Currency code | ₹ |
| Unit of pricing | ₹3358.30 |
| Price note | 25% |
| Price effective from | 21/02/2022 |
| 520 ## - SUMMARY, ETC. | |
| Summary, etc. | At a time when magazines are undergoing active redefinition, this book represents a welcome intervention. It engages with a host of pressing issues in a manner alert to professional priorities while, at the same time, encouraging new ways of thinking about the challenges shaping this fast-moving field. Holmes and Nice are trustworthy guides, taking the reader on what proves to be a fascinating journey." |
| 650 ## - SUBJECT ADDED ENTRY--TOPICAL TERM | |
| Topical term or geographic name entry element | Media |
| 9 (RLIN) | 23148 |
| 700 ## - ADDED ENTRY--PERSONAL NAME | |
| Personal name | Nice, Liz |
| 9 (RLIN) | 29788 |
| 942 ## - ADDED ENTRY ELEMENTS (KOHA) | |
| Source of classification or shelving scheme | Dewey Decimal Classification |
| Koha item type | Book |
| Withdrawn status | Lost status | Source of classification or shelving scheme | Damaged status | Not for loan | Collection code | Home library | Current library | Date acquired | Source of acquisition | Cost, normal purchase price | Total Checkouts | Full call number | Barcode | Date last seen | Cost, replacement price | Price effective from | Koha item type |
|---|---|---|---|---|---|---|---|---|---|---|---|---|---|---|---|---|---|
| Dewey Decimal Classification | MAJMC | St Aloysius PG Library | St Aloysius PG Library | 03/07/2022 | Vidyarthi Books | 2518.73 | 070.175 HOLM | PG023729 | 08/24/2022 | 3358.30 | 02/21/2022 | Book |